| 000 | 00699nam a2200229Ii 4500 | ||
|---|---|---|---|
| 003 | JO-AjNU | ||
| 008 | 230605s9999||||xx |||||||||||||| ||und|| | ||
| 017 | _a2011/12/4501 | ||
| 020 | _a978-9957-83-139-4 | ||
| 040 |
_aJO-AjNU _bara _erda _cJO-AjNU |
||
| 041 | _aara | ||
| 050 | 1 | 4 | _aTA545.D37 2013 |
| 100 | 3 |
_aالدرايسة، محمد عبدالله, _eauthor _951419 |
|
| 245 | 0 | 0 | _aالمساحة الارضية 2 |
| 250 | _aط1 العربية | ||
| 264 | 3 | 1 | _aعمان:مكتبة المجتمع العربي،2011 |
| 300 | _a148ص | ||
| 336 |
_atext _btxt _2rdacontent |
||
| 337 |
_aunmediated _bn _2rdamedia |
||
| 338 |
_avolume _bnc _2rdacarrier |
||
| 650 | 4 |
_aالمساحة _951420 |
|
| 999 |
_aA22710 _c26278 _d26278 |
||